<?xml version="1.0" encoding="UTF-8"?>
<record
    xmlns:xsi="http://www.w3.org/2001/XMLSchema-instance"
    xsi:schemaLocation="http://www.loc.gov/MARC21/slim http://www.loc.gov/standards/marcxml/schema/MARC21slim.xsd"
    xmlns="http://www.loc.gov/MARC21/slim">

  <leader>01076nabaa22002657a 4500</leader>
  <datafield tag="999" ind1=" " ind2=" ">
    <subfield code="c">4804</subfield>
    <subfield code="d">4804</subfield>
  </datafield>
  <controlfield tag="003">OSt</controlfield>
  <controlfield tag="005">20220609113029.0</controlfield>
  <controlfield tag="008">190701b        xxu||||| |||| 00| 0 spa d</controlfield>
  <datafield tag="040" ind1=" " ind2=" ">
    <subfield code="c">PJ</subfield>
  </datafield>
  <datafield tag="100" ind1=" " ind2=" ">
    <subfield code="9">6001</subfield>
    <subfield code="a">Enrici, Luciano</subfield>
  </datafield>
  <datafield tag="245" ind1="1" ind2="0">
    <subfield code="a">Acerca de la denominada "reconducci&#xF3;n" procesal /
</subfield>
    <subfield code="c">Luciano Enrici.</subfield>
  </datafield>
  <datafield tag="300" ind1=" " ind2=" ">
    <subfield code="a">p. 85-98</subfield>
  </datafield>
  <datafield tag="500" ind1=" " ind2=" ">
    <subfield code="a">Cita Online: AR/DOC/599/2022.</subfield>
  </datafield>
  <datafield tag="505" ind1=" " ind2=" ">
    <subfield code="a">Sumario: I. Introducci&#xF3;n.&#x2014; II. Algunos ejemplos de reconducci&#xF3;n. Marco de aplicaci&#xF3;n y l&#xED;mites brindados por la judicatura.&#x2014; III. Conclusiones.

</subfield>
  </datafield>
  <datafield tag="505" ind1=" " ind2=" ">
    <subfield code="t">&#xBF;Te interesa el texto completo? Comunicate al correo: koha@justierradelfuego.gov.ar
</subfield>
  </datafield>
  <datafield tag="650" ind1=" " ind2="0">
    <subfield code="9">211</subfield>
    <subfield code="a">DERECHO ADMINISTRATIVO</subfield>
  </datafield>
  <datafield tag="650" ind1=" " ind2="0">
    <subfield code="9">877</subfield>
    <subfield code="a">ADMINISTRACION PUBLICA</subfield>
  </datafield>
  <datafield tag="650" ind1=" " ind2="0">
    <subfield code="9">938</subfield>
    <subfield code="a">EMPLEO PUBLICO</subfield>
  </datafield>
  <datafield tag="650" ind1=" " ind2="0">
    <subfield code="9">1051</subfield>
    <subfield code="a">MEDIDAS CAUTELARES</subfield>
  </datafield>
  <datafield tag="650" ind1=" " ind2="0">
    <subfield code="9">2018</subfield>
    <subfield code="a">REGIMEN DISCIPLINARIO ADMINISTRATIVO</subfield>
  </datafield>
  <datafield tag="650" ind1=" " ind2="0">
    <subfield code="a">SANCION</subfield>
  </datafield>
  <datafield tag="650" ind1=" " ind2="0">
    <subfield code="9">1382</subfield>
    <subfield code="a">INDEMNIZACION</subfield>
  </datafield>
  <datafield tag="773" ind1="0" ind2=" ">
    <subfield code="0">2842</subfield>
    <subfield code="9">3251</subfield>
    <subfield code="d">Buenos Aires : AbeledoPerrot, 2012-</subfield>
    <subfield code="o">DA121</subfield>
    <subfield code="t">Derecho administrativo. N&#xBA; 140 mar/abr 2022</subfield>
    <subfield code="z">18510590</subfield>
  </datafield>
  <datafield tag="942" ind1=" " ind2=" ">
    <subfield code="2">udc</subfield>
    <subfield code="c">ANA</subfield>
  </datafield>
</record>
